Sports Quiz

Random Sports or Baseball Quiz
Score 0/18 Timer 06:00
0 Plays Today
Position Player % Correct
Short StopDerek Jeter
93.5%
First BaseAlbert Pujols
89.1%
CatcherJoe Mauer
86%
Short StopHanley Ramirez
78.8%
Second BaseChase Utley
78.3%
First BaseMark Teixeira
76.7%
PitcherTim Lincecum
75.2%
PitcherRoy Halladay
69%
CatcherYadier Molina
66.4%
Position Player % Correct
Third BaseDavid Wright
65.6%
OutfieldIchiro Suzuki
62.5%
OutfieldRyan Braun
51.9%
OutfieldJosh Hamilton
50.1%
OutfieldJason Bay
45.2%
Second BaseAaron Hill
42.6%
Third BaseMichael Young
42.4%
OutfieldRaul Ibanez
41.6%
OutfieldShane Victorino
40.8%
Remove Ads.
Support Sporcle.
Get the best of Sporcle when you Go Orange. This ad-free experience offers more features, more stats, and more fun while also helping to support Sporcle. Thank you for becoming a member.

You're not logged in!

Compare scores with friends on all Sporcle quizzes.
OR
Log In

Show Comments

Extras

Top Quizzes Today


Score Distribution

Your Account Isn't Verified!

In order to create a playlist on Sporcle, you need to verify the email address you used during registration. Go to your Sporcle Settings to finish the process.

Report this User

Report this user for behavior that violates our Community Guidelines.

Details: